000 00461nam a2200205Ia 4500
001 2094
003 GE_BSU
008 181216s||||||||xx |||||||||||||| ||und||
040 _cGE_BSU
080 _a811.111
100 _aBerezin,F.M.
245 _aLectures on linguistics.
260 _aMoscow
260 _bHicher school publishing house
260 _c1969
300 _a176с. 20cm.
541 _h4л.
653 _aLectures on linguistics
942 _cBK
999 _c36191
_d36191